00370pab a2200121 454500008004000000100001900040245009500059260000900154300001400163362000800177650002000185773004300205180718b2007 xxu||||| |||| 00| 0 eng d aKenny, Charles aA note on the ethnical implications of the stern review on the economics of climate change c2007 ap.432-40. aDec aClimatic change aJournal of Environment and Development